SWISH - Lil Nas X - All Lyrics - Statistics

General Stats
  • This quiz has been taken 3 times
  • The average score is 266 of 542
Answer Stats
Answer % Correct
I
100%
I'm
100%
Swish,
100%
swish
100%
a
67%
am
67%
and
67%
And
67%
bitch,
67%
days,
67%
days
67%
gonna
67%
got
67%
gotta
67%
Gotta
67%
in,
67%
in
67%
like,
67%
like
67%
make
67%
my
67%
My
67%
n***a,
67%
Nah
67%
"Nas,
67%
n****s
67%
on
67%
one
67%
one,
67%
shot,
67%
shot
67%
the
67%
they
67%
They
67%
this
67%
this,
67%
uh,
67%
Uh,
67%
uh
67%
uh-uh,
67%
week
67%
yeah,
67%
yeah
67%
you
67%
abs
33%
all,
33%
All
33%
all
33%
Another
33%
another
33%
ass
33%
be
33%
been
33%
being
33%
blast
33%
but
33%
can
33%
can't
33%
cash
33%
could
33%
different
33%
do
33%
fuck
33%
fucking
33%
get
33%
Get
33%
good,
33%
heat
33%
ho,
33%
If
33%
I'll
33%
is
33%
it
33%
it's
33%
I've
33%
Ja
33%
just
33%
just,
33%
Lil'
33%
lil'
33%
little
33%
longer
33%
look
33%
lookin'
33%
Looking
33%
lot
33%
Makin'
33%
makin'
33%
me,
33%
me
33%
miss
33%
no
33%
off
33%
out,
33%
out
33%
page
33%
party,
33%
party
33%
plot
33%
referee,
33%
say
33%
screw
33%
shawty?"
33%
some
33%
stuck
33%
talk
33%
These
33%
these
33%
Tim
33%
to
33%
turnin'
33%
up
33%
vibin'
33%
walk
33%
Walk
33%
wanna
33%
want
33%
ways
33%
when
33%
with
33%
won't
33%
y'all
33%
your
33%
again,
0%
again
0%
ain't
0%
at
0%
Atlanta,
0%
"Baby,
0%
back
0%
bag
0%
ball
0%
baller,
0%
bank
0%
busy
0%
busy,
0%
chain
0%
changing,
0%
clingin'
0%
come
0%
contain
0%
Drive
0%
everybody
0%
everything
0%
fair,
0%
family
0%
finally
0%
fire
0%
flippin'
0%
for
0%
forward
0%
found
0%
give
0%
guess
0%
gym,
0%
Hardaway,
0%
here,
0%
hit
0%
Hit
0%
hits,
0%
hoes
0%
hog,
0%
hot
0%
hotter
0%
jiggers,
0%
jiggin'
0%
laid
0%
leavin',
0%
let's
0%
lost
0%
mad
0%
molly,
0%
Nasarati,
0%
net
0%
Okay,
0%
okay
0%
okay?
0%
Perc',
0%
play
0%
pull
0%
rap
0%
real
0%
scoreboard
0%
scripts
0%
shit,
0%
story
0%
studio
0%
swingin',
0%
ten
0%
than
0%
then
0%
thief
0%
think
0%
thrivin',
0%
try"
0%
vibes
0%
weak
0%
would
0%
Wraith,
0%
No matching quizzes found
Score Distribution
Percent of People with Each Score
Percentile by Number Answered
Your Score History
You have not taken this quiz